000 00755nam a22001937a 4500
005 20251108174909.0
008 250721s2010 xx 000 0 ara d
082 1 4 _aم/340.03/زعب
100 1 _aالزعبي، تيسير احمد
_eمؤلف
245 1 0 _aموسوعة تيسير الزعبي القانونية (الجامع المتين للانظمة والقوانين) /
264 1 _aعمان :
_bالمؤلف،
_c2010.
300 _a1928ص.
500 _aأول موسوعة عالمية تحتوي على قوانيين دولة في كتاب واحد ( المملكة الاردنية الهاشمية )
650 1 7 _aالقانون
650 1 7 _aالموسوعات
650 1 7 _aالاردن
942 _2ddc
_cREF
999 _c120911
_d120911